000 00555nam a2200181 4500
001 144028
003 ES-MaACL
005 20230906200928.0
007 t|
008 070214s1972 sp r ||||1| eng d
100 1 _aShnda, Michael.
_9106144
245 1 0 _aIbiza
_b: souvenir guide /
_cMichael Shnda, Adele Neatrour.
260 _aPalma de Mallorca :
_bSpen,
_c1972.
300 _a39 p., 4 lám. :
_bil. ;
_c30 cm.
500 _aPrecede al tít.: Cetting it all together.
700 1 _aNeatrour, Adele.
_985259
852 _aES-MaACL
_jC-43282
_bR.82588
999 _c144028
_d144028